000 00606nam a22001937a 4500
005 20241114112641.0
010 _aENG-142623
020 _a978-81-316-1200-2
_c895.00
035 _aEN-126155
037 _bDBAD
082 _a305.800954
100 _aSharda, Mridula
_973929
245 _aTribal India:
_bIssues and Challenges/
_cMridula Shardha [and] Inder Kumar
260 _aNew Delhi
_bRawat Publications
_c2021
270 _a4858/24, Ansari Road, Daryaganj,
_bNew Delhi
_e110002
300 _a150p.
_c24cm(hb)
700 _aInder Kumar
_973931
942 _2ddc
_cEN
_h305.800954
_mSHA
999 _c206984
_d206984